000 00604nam a2200193Ia 4500
003 GCL
008 140319s9999 xx 000 0 ara d
040 _aGCL /
_cGCL
082 0 4 _a953.022
_bع م
100 1 _aعبدالغنى عبدالرحمن محمد
245 1 0 _aمكة أم القرى لماذا ? /
_cعبدالغنى عبدالرحمن محمد
260 _a[S.N] :
_bدار الفكر العربى ،
_c1990
300 _a128 ص
490 _a
650 0 4 _aمكة المكرمة
650 0 4 _aالاماكن المقدسة
650 0 4 _aالمسجد الحرام
942 _2ddc
_cBK
999 _c52717
_d52717